Movies Quiz

Random Movies or Director Quiz

Steven Spielberg Movies by Image Quiz Stats

 Plays Quiz Updated Dec 22, 2011

Challenge
Share
Tweet
Score 0/25 Timer 07:00
0 Plays Today
Column Movie % Correct
1E. T.: The Extra-Terrestrial
98.3%
4Jurassic Park
91.7%
2Saving Private Ryan
88.7%
1Hook
85.5%
2Jaws
77.8%
4Indiana Jones and the Temple of Doom
76%
3Catch Me If You Can
74.4%
5Raiders of the Lost Ark
72.3%
5War of the Worlds
68.4%
4The Lost World: Jurassic Park
64.8%
3Indiana Jones and the Last Crusade
64.7%
4The Terminal
59.4%
5The Color Purple
56.5%
Column Movie % Correct
3Schindler's List
54.6%
5Minority Report
54.5%
1The Adventures of Tintin
51.7%
2Close Encounters of the Third Kind
45.2%
3Munich
37.1%
2Amistad
34.8%
3A. I. Artificial Intelligence
34.7%
5Empire of the Sun
17.6%
2Duel
17.3%
11941
12.2%
1Always
8.3%
4The Sugarland Express
7.3%

You're not logged in!

Compare scores with friends on all Sporcle quizzes.
Join for Free
OR
Log In

You Might Also Like...

Show Comments

Extras

Top Quizzes Today


Score Distribution

Your Account Isn't Verified!

In order to create a playlist on Sporcle, you need to verify the email address you used during registration. Go to your Sporcle Settings to finish the process.

Report this User

Report this user for behavior that violates our Community Guidelines.

Details: